UBT Library

Tarascon pocket urologica / (Record no. 41697)

000 -LEADER
fixed length control field 00771cam a22002774a 4500
001 - CONTROL NUMBER
control field 16084043
005 - DATE AND TIME OF LATEST TRANSACTION
control field 20180202092030.0
008 - FIXED-LENGTH DATA ELEMENTS--GENERAL INFORMATION
fixed length control field 100202s2011 mau f 001 0 eng
010 ## - LIBRARY OF CONGRESS CONTROL NUMBER
LC control number 2010004754
020 ## - INTERNATIONAL STANDARD BOOK NUMBER
International Standard Book Number 9780763791919
020 ## - INTERNATIONAL STANDARD BOOK NUMBER
International Standard Book Number 0763791911
035 ## - SYSTEM CONTROL NUMBER
System control number (OCoLC)ocn528648909
040 ## - CATALOGING SOURCE
Original cataloging agency DNLM/DLC
Transcribing agency DLC
Modifying agency C#P
-- YDXCP
-- DLC
041 ## - LANGUAGE CODE
Language code of text/sound track or separate title eng
042 ## - AUTHENTICATION CODE
Authentication code pcc
060 10 - NATIONAL LIBRARY OF MEDICINE CALL NUMBER
Classification number WJ 39
Item number E47t 2011
080 ## - UNIVERSAL DECIMAL CLASSIFICATION NUMBER
Universal Decimal Classification number 616.6 LAB
082 00 - DEWEY DECIMAL CLASSIFICATION NUMBER
Classification number 616.6 LAB
Edition number 22
100 1# - Rafti
Rafti 5
101 ## - Shkurtesa
Shkurtesa FAR
245 10 - TITLE STATEMENT
Title Tarascon pocket urologica /
Statement of responsibility, etc Pamela Ellsworth.
246 30 - VARYING FORM OF TITLE
Title proper/short title Pocket urologica
906 ## - LOCAL DATA ELEMENT F, LDF (RLIN)
a 7
b cbc
c orignew
d 1
e ecip
f 20
g y-gencatlg
942 ## - ADDED ENTRY ELEMENTS (KOHA)
Source of classification or shelving scheme
Item type Books
Holdings
Withdrawn status Lost status Source of classification or shelving scheme Damaged status Not for loan Collection code Permanent location Current location Shelving location Date acquired Total Checkouts Full call number Barcode Date last seen Price effective from Koha item type
          Koleksioni i përgjithshem UBT - Lipjan UBT - Lipjan Koleksioni i përgjithshem 02/02/2018   616.6 LAB 002-2998056 02/02/2018 02/02/2018 Books
UBT Library © 2015-2024. All rights reserved University Education for Business and Technology